书目信息 |
| 题名: |
马克思主义和社会主义
|
|
| 作者: | 弗兰尼茨基 , Vranicki 著 ;杨元格 , 陈振华 译 | |
| 分册: | ||
| 出版信息: | 北京 人民出版社 1982 |
|
| 页数: | 274页 | |
| 开本: | 21cm | |
| 丛书名: | ||
| 单 册: | ||
| 中图分类: | D18 , D0-0 | |
| 科图分类: | ||
| 主题词: | 马克思主义-关系-社会主义 , 社会主义-关系-马克思主义 , 科学社会主义理论 , 共产主义运动--理论 | |
| 电子资源: | ||
| ISBN: | ||
| 000 | 01062nam0 2200349 45 | |
| 001 | 0182008763 | |
| 005 | 20040430105220.6 | |
| 010 | @dCNY0.91 | |
| 091 | @a3001.1813 | |
| 100 | @a19950626d1982 emky0chiy0121 ea | |
| 101 | 1 | @achi@cscc |
| 102 | @aCN@b110000 | |
| 105 | @ay z 000yy | |
| 106 | @ar | |
| 200 | 10 | @a马克思主义和社会主义@Ama ke si zhu yi he she hui zhu yi@f(南)普勒德拉格·弗兰尼茨基(P.Vranicki)著@g杨元格,陈振华译 |
| 210 | @a北京@c人民出版社@d1982 | |
| 215 | @a274页@d21cm | |
| 300 | @a书名原文:Marksizam i Socijalizam | |
| 510 | 1 | @aMarksizam i Socijalizam@zscc |
| 606 | @a马克思主义-关系-社会主义 | |
| 606 | @a社会主义-关系-马克思主义 | |
| 606 | 0 | @a科学社会主义理论 |
| 606 | 0 | @a共产主义运动@x理论 |
| 690 | @aD18@v3 | |
| 690 | @aD0-0 | |
| 701 | 1 | @a弗兰尼茨基@Afu lan ni ci ji@b普勒德拉格@4著 |
| 701 | A1 | @aVranicki@bP.@4著 |
| 702 | 0 | @a杨元格@Ayang yuan ge@4译 |
| 702 | 0 | @a陈振华@Achen zhen hua@4译 |
| 801 | 0 | @aCN@b上海图书馆@c20040430 |
| 801 | 2 | @aCN@bNLC@c20040430 |
| 905 | @f1@b84109@f1@b84106@dD0-0@e9 | |
| 马克思主义和社会主义/(南)普勒德拉格·弗兰尼茨基(P.Vranicki)著/杨元格,陈振华译.-北京:人民出版社,1982 |
| 274页;21cm |
| 书名原文:Marksizam i Socijalizam |
| ISBN :CNY0.91 |
| ● |
| 相关链接 |
|
|
|
|
正题名:马克思主义和社会主义
索取号:D0-0/9
 
预约/预借
| 序号 | 登录号 | 条形码 | 馆藏地/架位号 | 状态 | 备注 |
| 1 | 0084106 | 001022734 | 密集书库/ [索取号:D0-0/9] | 在馆 | |
| 2 | 0084107 | 001770159 | 密集书库/ [索取号:D0-0/9] | 在馆 | |
| 3 | 0084108 | 001769303 | 密集书库/ [索取号:D0-0/9] | 在馆 | |
| 4 | 0084109 | 001022725 | 密集书库/ [索取号:D0-0/9] | 在馆 | |
| 5 | 0084110 | 001770195 | 密集书库/ [索取号:D0-0/9] | 在馆 |